Overview of tamarind (Tamaridus indica L.) in Kerala (Record no. 371599)
[ view plain ]
| 000 -LEADER | |
|---|---|
| fixed length control field | 00523nam a22001577a 4500 |
| 005 - DATE AND TIME OF LATEST TRANSACTION | |
| control field | 20250903144933.0 |
| 008 - FIXED-LENGTH DATA ELEMENTS--GENERAL INFORMATION | |
| fixed length control field | 230826b |||||||| |||| 00| 0 eng d |
| 020 ## - INTERNATIONAL STANDARD BOOK NUMBER | |
| International Standard Book Number | 9788195459735 |
| 040 ## - CATALOGING SOURCE | |
| Transcribing agency | DDC |
| 082 ## - DEWEY DECIMAL CLASSIFICATION NUMBER | |
| Classification number | 633 OVE/JAL |
| 100 ## - MAIN ENTRY--PERSONAL NAME | |
| Personal name | Jalaja S Menon, Meera V Menon, Asna A.C, Nasiya Beegum A.N |
| 245 ## - TITLE STATEMENT | |
| Title | Overview of tamarind (Tamaridus indica L.) in Kerala |
| 260 ## - PUBLICATION, DISTRIBUTION, ETC. (IMPRINT) | |
| Place of publication, distribution, etc. | Madakkathara |
| Name of publisher, distributor, etc. | Cashew Research Station, Kerala Agricultural University, Directorate of Research |
| Date of publication, distribution, etc. | 2022 |
| 300 ## - PHYSICAL DESCRIPTION | |
| Extent | 51p. |
| 942 ## - ADDED ENTRY ELEMENTS (KOHA) | |
| Source of classification or shelving scheme | Dewey Decimal Classification |
| Koha item type | Books (General) |
| Withdrawn status | Lost status | Source of classification or shelving scheme | Damaged status | Not for loan | Collection code | Home library | Current library | Shelving location | Date acquired | Source of acquisition | Total Checkouts | Full call number | Barcode | Date last seen | Price effective from | Koha item type |
|---|---|---|---|---|---|---|---|---|---|---|---|---|---|---|---|---|
| Dewey Decimal Classification | Malayalam | College of Agriculture, Vellayani | College of Agriculture, Vellayani | Reference | 26/08/2023 | Gratis | 633 OVE/JAL | KAU_COAV-F2350 | 26/08/2023 | 26/08/2023 | Books (General) |
